00995cam a2200253 a 450000100100000000500170001000800410002702000150006804000250008308200150010810000280012324000430015124501560019426000370035030000260038753400510041350400420046459000250050665000240053165000250055570000380058095201080061899900150072600000188020241009100000.0880607s1989 nyu b 001 0 eng  a0582285224 aDO-SdBNPbspacBNPHU a004bD622e1 aDizard, Wilson P.9614314aThe coming information age.lEspañol13aLa era de la información :bun panorama general de su tecnología , economíay política /cWilson P. Dizard ; traducción, Manuel Ortiz Staines. aMéxico :bPubligrafics,c1989. axiv, 215 p. ;c22 cm. pTítulo original:tThe coming information age aIncluye referencias bibliográficas. aInventariado,2018/DG 4aInformática95660 0aComunicación 93781 aOrtiz Staines, Manuel,etr.96144 00105071aGRbGRcHDd2009-09-03iLF1l0o004 D622ep1880-10r2020-06-25w2020-06-25y1ZNo se presta c1756d1756